000 01085nam a22003257a 4500
003 CHAP
005 20220329141753.0
008 971013s1986 r 00010 d
010 _a73551
011 _a74523
035 _a84082
040 _cCHAP
090 _aTesis
100 0 0 _aGarcía Villanueva, Eduardo.
_946727
245 _aAnatomía de la semilla madura de Yucca periculosa Baker (Agavaceae) y ontogenia de su tejido de reserva
260 _aMéxico, D.F. :
_bEl autor,
_c1986
300 _a55 h.
_b: ilus.
502 _aTesis (Biólogo) -- UNAM. Fac. de Ciencias
590 _aALEPH
_b10
_c20130110
_lUCH01
_h1416
590 _aBATCH-UPD
_b10
_c20130110
_lUCH01
_h1806
590 _aBATCH-UPD
_b10
_c20130410
_lUCH01
_h1141
590 _aBATCH-UPD
_b10
_c20130914
_lUCH01
_h1907
590 _aCONVERSION
_b10
_c20130109
_lUCH01
_h1340
650 1 4 _aSemillas
_xAnatomía.
_9103877
650 1 4 _aYucca periculosa.
_9123338
901 _aBK
942 _cFOLL
949 _bBC
_cTES
_d-39215
_eTS2
_h18827
_i84082
_mD
_si
949 _bBC
_cTES
_d-39216
_eLIBRO
_fc.2
_h18828
_i84082
_mD
_si
999 _c73551
_d73551